000 00442nam a2200169Ia 4500
008 131103s9999 xx 000 0 und d
040 _aLoreto College
041 _aEnglish
082 _a841/PEG
_bLIBC/18494
100 _aPegue, Charles
245 _aOeuvres poetiques completes
_cCharles Pegue
260 _aParis
_bBibliotheque
_c1957
300 _a1554p.
_c 18cm.
650 _aFrench poetry
850 _aLCLIB/841/PEG
942 _cBK
999 _c24119
_d74598